000 00769nam a2200289Ia 4500
005 20260324113431.0
008 008 260324s9999 xx 000 0 eng d
020 _a9781003211600
037 _aEBOOK
040 _aCRL
040 _beng
040 _cCRL
041 _2eng
041 _aeng
084 _qCRL
100 _aYuwei Xu; Deevia Bhana; Vina Adriany
_91146753
245 0 _aGendered and Sexual Norms in Global South Early Childhood Education
245 0 _bUnderstanding Normative Discourses in Post-Colonial Contexts
260 _bTaylor and Francis
260 _c2023
365 _a
365 _b230
856 _uhttp://www.taylorfrancis.com/books/9781003211600
942 _cEBOOK
999 _c1736398
_d1736398